000 00854nam a2200181Ia 4500
008 100921s9999 xx 000 0 und d
082 _b26334
_a808.2 थ 94
100 _aदेशपांडे शशीकांत.
245 _aअत्र्यांची हास्यप्रधान नाटके.
260 _bउमा प्रकाशन,पुणे.
_c1994
300 _a244
_bरसिक साहित्य,पुणे
365 _b120
520 _aललित-नाटकशास्त्र,समीक्षा.
630 _aअत्र्यांची हास्यप्रधान नाटके.
650 _aललित-नाटकशास्त्र,समीक्षा.
730 _aअत्र्यांची हास्यप्रधान नाटके.
942 _cBOOK
999 _c775447
_d775444